Vybrané časti stavebno-technologickej prípravy stavby: Bytový dom na Vlárskej ulici
Gespeichert in:
| 1. Verfasser: | |
|---|---|
| Weitere Verfasser: | |
| Format: | Manuskript Buch |
| Sprache: | Slowakisch |
| Veröffentlicht: |
2016
|
| Schlagworte: | |
| Online-Zugang: | http://is.stuba.sk/zp/portal_zp.pl?podrobnosti=117489 https://opac.crzp.sk/?fn=detailBiblioForm&sid=41728D440EB1EF629516168922FE |
| Tags: |
Keine Tags, Fügen Sie das erste Tag hinzu!
|
MARC
| LEADER | 00000ntm a22000003a 4500 | ||
|---|---|---|---|
| 001 | stuzp57198 | ||
| 003 | SK-STU | ||
| 005 | 20230927101143.8 | ||
| 007 | ta | ||
| 008 | 150427s2015----xo-----f-mn---000-0-slo-d | ||
| 040 | |a STU |b slo | ||
| 041 | 0 | |a slo | |
| 100 | 1 | |a Kristin, Michal |u 010270 |4 aut |U SvF Stavebná fakulta |T SvF Katedra technológie stavieb |X 67286 |U V270 |Y 28 |7 A000067286 | |
| 242 | 0 | 1 | |a Selected parts of building-technological preparation of building: Residential house on the street Vlárska |y eng |
| 245 | 1 | 0 | |a Vybrané časti stavebno-technologickej prípravy stavby: Bytový dom na Vlárskej ulici |
| 260 | |c 2016 | ||
| 650 | 4 | |a betonáž v nepriaznivých podmienkach |2 slo | |
| 650 | 4 | |a bytový dom Vlárska |2 slo | |
| 650 | 4 | |a betonáž |2 slo | |
| 650 | 4 | |a concreting in adverse conditions |2 eng | |
| 650 | 4 | |a apartment building Vlárska |2 eng | |
| 650 | 4 | |a concreting |2 eng | |
| 700 | 1 | |a Briatka, Peter |u 010270 |k Z8 |4 ths |U SvF Stavebná fakulta |T SvF Katedra technológie stavieb |X 23787 |U V270 |Y 28 |7 A000023787 | |
| 856 | 4 | |u http://is.stuba.sk/zp/portal_zp.pl?podrobnosti=117489 | |
| 856 | 4 | |u https://opac.crzp.sk/?fn=detailBiblioForm&sid=41728D440EB1EF629516168922FE | |
| SQL | |a stuzp57198 |b DDP |c SLO |d Vybrané časti stavebno-technologickej prípravy stavby: Bytový dom na Vlárskej ulici |e 67286 |f Kristin, Michal |g 010270 |h 23787 |i Briatka, Peter |j 20160614 |k 681 |l 01 |m http://is.stuba.sk/zp/portal_zp.pl?podrobnosti=117489 |n I-TS |o 5.2.8. stavebníctvo | ||